01615nam a22002417a 4500008004100000020001800041082001500059245017100074260003300245300006200278500012900340504007600469505048500545650003401030650001701064650003901081650003701120700004601157700005501203700003801258700003801296700003901334150106r20112010mx bo||| |||| 00| 0 spa d a9786077705017 a909bM923d aEl mundo de 1945 a 1979 b : la conformación del mundo bipolar y del tercer mundoc/ coordinadores Sergio Valencia Castrejón y Alma Guadalupe Palacios Hernández aMéxicob : Edere c , 2010 a88 páginasbilustrado, mapas, fotografías, gráficas aTítulo en portada: Historia mundial del Imperialismo a la globalización de 1945 a 1979 Primera Reimpresión del 2011  aIncluye: Bibliografía, Actividades, Ligas útiles en cada capítulo aEl mundo después de la guerra : Costos sociales y económicos. Plan Marshall. Las instituciones internacionales de posguerra: Marina Llanos Hernández La conformación del mundo bipolar: Sergio Valencia Castrejón Descolonización, movimientos de liberación nacional y Tercer Mundo: Arturo Luis Alonzo Padilla Las respuestas sociales a la bipolaridad : los movimientos de contracultura y las contradicciones al interior del bloque soviético: Sergio Valencia Castrejón14aHISTORIA UNIVERSALy1945-197924aIMPERIALISMO24aGLOBALIZACIONxASPECTOS ECONOMICOS20aGLOBALIZACIONxASPECTOS SOCIALES aValencia Castrejón, Sergioecoordinador aPalacios Hernández, Alma Guadalupeecoordinadora aFavela Gavia, Laura Rebecaeautor aLlanos Hernández, Marinaeautor aAlonzo Padilla, Arturo Luiseautor